Top Selling Football Player Jerseys 2015-2016 Season - Statistics

General Stats
  • This quiz has been taken 241 times
  • The average score is 5 of 10
Answer Stats
Ranking Jersey Number Answer % Correct
#2 7 Cristiano Ronaldo
98%
#1 10 Lionel Messi
98%
#7 11 Neymar
84%
#6 10 Wayne Rooney
49%
#5 10 Eden Hazard
47%
#8 10 Sergio Aguero
45%
#9 17 Alexis Sanchez
23%
#10 10 Phillippe Coutinho
20%
#4 31 Bastian Schweinsteiger
18%
#3 9 Anthony Martial
11%
No matching quizzes found
Score Distribution
Percent of People with Each Score
Percentile by Number Answered
Your Score History
You have not taken this quiz